000 00274nam a2200121Ia 4500
008 240624s9999 xx 000 0 und d
041 _aeng
082 _a823 TAS
100 _aTASEER AATISH
245 _aWAY THINGS WERE
260 _aNew Delhi
_bPicador India
365 _cRS
999 _c24436
_d24436